| 000 | 00349nam a2200145Ia 4500 | ||
|---|---|---|---|
| 008 | 221030s9999 xx 000 0 und d | ||
| 041 | _aEnglish | ||
| 082 |
_a105.23 _bSal |
||
| 100 | _aS. N. Saluja | ||
| 245 | 0 | _aEngineering Applied Mechanics | |
| 260 |
_bSatya Prakashan _aNew Delhi _c1995 |
||
| 300 | _a1106 | ||
| 650 | _aMechanical | ||
| 942 | _cBK | ||
| 999 |
_c1418 _d1418 |
||